000 00516nam a22001817a 4500
003 UA-OsUOA
001 18988
007 ta
008 20040629b un ||||| |||| 00| 0 ukr d
100 _aТубіна С.
942 _cSA
040 _aUA-OsUOA
_cUA-OsUOA
_dUA-OsUOA
245 _aДругі в Україні [лісівники обл.]
300 _aС.2
955 _a0
773 0 _w0
_tВісті Рівненщини
_dРівне
_d2004
_g№57/58/черв./
650 7 _aКраєзнавча робота
_2UDC
999 _c305159
_d305159